[Event "Bergens SK Vårturnering 2020"]
[Site "Bergens Schakklub"]
[Date "2020.02.11"]
[Round "5"]
[White "Sørensen, Simen"]
[Black "Rasmussen, Jonas H"]
[Result "0-1"]
[WhiteElo "2034"]
[BlackElo "1946"]
[PlyCount "160"]
[EventDate "2020.??.??"]

1. d4 Nf6 2. c4 c6 3. Nc3 d5 4. Nf3 a6 5. a4 e6 6. Bg5 h6 7. Bxf6 Qxf6 8. e3 a5
9. Bd3 Bd6 10. O-O O-O 11. e4 dxe4 12. Nxe4 Qe7 13. Qe2 Nd7 14. Rad1 Bc7 15.
Rfe1 b6 16. Nc3 Bb7 17. d5 Nc5 18. Bc2 Rad8 19. dxc6 Bxc6 20. Nd5 Bxd5 21. cxd5
Qf6 22. dxe6 Nxe6 23. Qe4 g6 24. b3 Nc5 25. Qc4 Kg7 26. b4 axb4 27. Qxb4 Ne6
28. Rxd8 Rxd8 29. Bb3 Nc5 30. Bc2 Ne6 31. Qc4 Bd6 32. Bb3 Bc5 33. Qe4 Ng5 34.
Qe2 Nxf3+ 35. Qxf3 Qxf3 36. gxf3 Rd3 37. Bd1 Rd2 38. Rf1 Bxf2+ 39. Rxf2 Rxd1+
40. Kg2 Rb1 41. Rc2 Kf6 42. Rc7 Rb4 43. Kg3 Rxa4 44. Rc6+ Kg5 45. Rxb6 h5 46.
Rb2 h4+ 47. Kg2 f5 48. h3 Kf4 49. Rc2 Ke3 50. Rc3+ Kd4 51. Rb3 Rc4 52. Rb6 Rc2+
53. Kg1 Ke3 54. Rxg6 Kxf3 55. Ra6 Rc3 56. Rg6 Kf4 57. Kh2 Rg3 58. Rh6 Kg5 59.
Rh8 f4 60. Rg8+ Kf5 61. Rh8 f3 62. Rxh4 f2 63. Rh8 Rxh3+ 64. Rxh3 f1=Q 65. Rg3
Qe2+ 66. Rg2 Qh5+ 67. Kg1 Kf4 68. Rf2+ Ke3 69. Rg2 Qh4 70. Rh2 Qf4 71. Rg2 Qh4
72. Rh2 Qe1+ 73. Kg2 Kf4 74. Rh3 Qe2+ 75. Kg1 Kg4 76. Rh2 Qe3+ 77. Kh1 Qe4+ 78.
Kg1 Kg3 79. Rf2 Qe1+ 80. Rf1 Qe3+ 
0-1

[Event "Bergens SK Vårturnering 2020"]
[Site "Bergens Schakklub"]
[Date "2020.02.11"]
[Round "5"]
[White "Selbekk, Vebjørn"]
[Black "Eriksen, Olai Dyrhaug"]
[Result "1-0"]
[WhiteElo "1922"]
[BlackElo "1631"]
[PlyCount "99"]
[EventDate "2020.??.??"]

1. Nf3 Nf6 2. g3 d5 3. Bg2 Bf5 4. d3 e6 5. O-O Be7 6. Nbd2 Nbd7 7. Re1 h6 8. e4
dxe4 9. dxe4 Bh7 10. e5 Nd5 11. Ne4 Nc5 12. Nfd2 O-O 13. a3 a5 14. Nxc5 Bxc5
15. c4 Nb6 16. Bxb7 Ra7 17. Be4 Bxe4 18. Nxe4 Bd4 19. Nf6+ gxf6 20. Bxh6 Bxf2+
21. Kxf2 Qxd1 22. Raxd1 Rb8 23. b3 a4 24. c5 Nd5 25. b4 f5 26. Bg5 Raa8 27. Kf3
Kg7 28. Rd4 Kg6 29. h4 Rg8 30. g4 fxg4+ 31. Rxg4 Kh5 32. Reg1 Rg6 33. Bf6 Nxf6
34. Rxg6 fxg6 35. exf6 Rf8 36. Rg5+ Kxh4 37. Rxg6 Kh5 38. Rg7 Rxf6+ 39. Ke4 c6
40. Ra7 Kg5 41. Rxa4 Rf1 42. Ke5 Re1+ 43. Kd6 e5 44. Kxc6 e4 45. b5 Kf5 46. b6
e3 47. b7 Rb1 48. Ra8 e2 49. Re8 Rb2 50. Rxe2 
1-0

[Event "Bergens SK Vårturnering 2020"]
[Site "Bergens Schakklub"]
[Date "2020.02.11"]
[Round "5"]
[White "Aagedal, Geir Ole"]
[Black "Skålevik, Åsmund"]
[Result "1-0"]
[WhiteElo "1705"]
[BlackElo "1505"]
[PlyCount "73"]
[EventDate "2020.??.??"]

1. c4 Nf6 2. g3 d5 3. cxd5 Nxd5 4. Bg2 e6 5. Nc3 Be7 6. Nf3 O-O 7. O-O c6 8. d3
Nd7 9. a3 Nc5 10. Bd2 Qb6 11. b4 Nd7 12. Na4 Qd8 13. Qb3 N7b6 14. Nb2 Bf6 15.
Rac1 Bd7 16. e4 Nc7 17. Be3 Rc8 18. Rfd1 e5 19. a4 Ra8 20. Nc4 Ne6 21. Ncxe5
Be8 22. a5 Nd7 23. Nc4 Nb8 24. d4 Nc7 25. Bf4 Nb5 26. d5 cxd5 27. Rxd5 Bd7 28.
e5 Be7 29. Rcd1 Qc8 30. Nd6 Nxd6 31. exd6 Bf6 32. Rc5 Qd8 33. Qb1 Na6 34. Rcc1
Ba4 35. Rd2 Qd7 36. Ng5 Rac8 37. Qxh7# 
1-0

[Event "Bergens SK Vårturnering 2020"]
[Site "Bergens Schakklub"]
[Date "2020.02.18"]
[Round "6"]
[White "Høyforsslett, Gard Rye"]
[Black "Larsen, Stig Børje"]
[Result "0-1"]
[WhiteElo "1534"]
[BlackElo "1758"]
[PlyCount "122"]
[EventDate "2020.??.??"]

1. e4 c6 2. d4 d5 3. Nc3 dxe4 4. Nxe4 Nf6 5. Nxf6+ exf6 6. h3 Bd6 7. Nf3 O-O 8.
Bd3 Re8+ 9. Be3 Nd7 10. O-O Nf8 11. Re1 Be6 12. c4 Bc7 13. Qc2 Qd7 14. Bf1 Ng6
15. Rad1 Bf5 16. Qb3 Be4 17. Nd2 Qd6 18. g3 f5 19. Nxe4 fxe4 20. Bg2 b6 21. d5
c5 22. Qc2 f5 23. Qc1 Rf8 24. h4 h5 25. Bf4 Nxf4 26. Qxf4 Qxf4 27. gxf4 Bxf4
28. Bf1 Rad8 29. Be2 g6 30. Rb1 Rfe8 31. Kg2 Be5 32. Bd1 Bd4 33. Ba4 Re5 34.
Bc6 Rd6 35. f3 e3 36. Re2 f4 37. Kh3 Kg7 38. b3 Kh6 39. Rg1 Bc3 40. a4 a5 41.
Kh2 g5 42. Rxg5 Rxg5 43. hxg5+ Kxg5 44. Kg1 h4 45. Kh2 Kf5 46. Kh3 Bf6 47. Bb7
Rd8 48. Rc2 Ke5 49. Bc6 Kd4 50. d6 Rg8 51. Bd7 Rg3+ 52. Kh2 Rxf3 53. Bh3 Rg3
54. d7 Kd3 55. Bf5+ Kd4 56. Rc1 e2 57. Re1 f3 58. b4 Ke3 59. Be4 f2 60. Rb1
f1=Q 61. d8=Q Qh3# 
0-1

[Event "Bergens SK Vårturnering 2020"]
[Site "Bergens Schakklub"]
[Date "2020.02.18"]
[Round "6"]
[White "Skålevik, Åsmund"]
[Black "Christoffersen, Odd"]
[Result "1-0"]
[WhiteElo "1505"]
[BlackElo "1597"]
[PlyCount "75"]
[EventDate "2020.??.??"]

1. e4 c5 2. Nf3 e6 3. d4 cxd4 4. Nxd4 a6 5. Bd3 Qc7 6. O-O Nf6 7. c4 Nc6 8. Be3
d6 9. Nc3 Ne5 10. Be2 Bd7 11. b3 Be7 12. f4 Nc6 13. Bf3 O-O 14. Nc2 Na5 15. Qe1
Rac8 16. Qf2 Bd8 17. Bd4 e5 18. Be3 b5 19. Nb4 bxc4 20. Ncd5 Nxd5 21. Nxd5 Qb7
22. bxc4 Nxc4 23. Rab1 Qa8 24. Rfd1 Nxe3 25. Qxe3 Be6 26. fxe5 dxe5 27. Qe2 Re8
28. Qb2 f6 29. Be2 Rc6 30. Qa3 Qa7+ 31. Kh1 Qf2 32. Rb2 Qc5 33. Qa4 Ba5 34.
Bxa6 Bxd5 35. exd5 Rcc8 36. Bxc8 Rxc8 37. d6 Bd8 38. Qe8# 
1-0

[Event "Bergens SK Vårturnering 2020"]
[Site "Bergens Schakklub"]
[Date "2020.02.18"]
[Round "6"]
[White "Aartun, Magnus"]
[Black "Eriksen, Olai Dyrhaug"]
[Result "1-0"]
[WhiteElo "1787"]
[BlackElo "1631"]
[PlyCount "53"]
[EventDate "2020.??.??"]

1. d4 Nf6 2. c4 c5 3. d5 b5 4. e3 Bb7 5. Nf3 g6 6. Bd3 Bg7 7. Nc3 b4 8. Ne2 O-O
9. O-O d6 10. Ng3 Nbd7 11. a3 Ng4 12. axb4 cxb4 13. Nd4 Nge5 14. Be2 Nb6 15. b3
a5 16. Qd2 Ned7 17. Bb2 Nc5 18. h4 e5 19. dxe6 fxe6 20. Bg4 Bxd4 21. exd4 Nxb3
22. Bxe6+ Kg7 23. d5+ Rf6 24. Qg5 Nxc4 25. Nh5+ Kf8 26. Qh6+ Ke8 27. Nxf6+ 
1-0

[Event "Bergens SK Vårturnering 2020"]
[Site "Bergens Schakklub"]
[Date "2020.03.03"]
[Round "7"]
[White "Larsen, Stig Børje"]
[Black "Skålevik, Åsmund"]
[Result "1-0"]
[WhiteElo "1758"]
[BlackElo "1505"]
[PlyCount "97"]
[EventDate "2020.??.??"]

1. e4 e5 2. Nf3 Nc6 3. Bb5 a6 4. Ba4 Nf6 5. d3 b5 6. Bb3 Bc5 7. c3 d6 8. Nbd2
O-O 9. O-O Na5 10. Bc2 Bb6 11. a4 Bd7 12. b4 Nb7 13. a5 Ba7 14. Nb3 Rc8 15. Qe2
c5 16. Be3 Qc7 17. Rac1 d5 18. exd5 Nxd5 19. d4 c4 20. Nc5 Nxc5 21. dxc5 f5 22.
Bb1 Bb8 23. g3 f4 24. Bd2 Rce8 25. Ng5 h6 26. Nh7 f3 27. Qe4 Bf5 28. Qxd5+ Kxh7
29. Bxf5+ Rxf5 30. Qe4 g6 31. Rfd1 Rf7 32. Qh4 h5 33. Qg5 Qc6 34. Be3 Re6 35.
Rd8 Re8 36. Rxe8 Qxe8 37. Qh6+ Kg8 38. Qxg6+ Kf8 39. Bh6+ Ke7 40. Rd1 Rf6 41.
Qg5 Qf7 42. Bg7 Ke6 43. Qxf6+ Qxf6 44. Bxf6 Kxf6 45. Rd7 Ke6 46. Rh7 e4 47.
Rxh5 Be5 48. Rxe5+ Kxe5 49. h4 1-0

[Event "Bergens SK Vårturnering 2020"]
[Site "Bergens Schakklub"]
[Date "2020.03.03"]
[Round "7"]
[White "Rasmussen, Jonas H"]
[Black "Selbekk, Vebjørn"]
[Result "1-0"]
[WhiteElo "1946"]
[BlackElo "1922"]
[PlyCount "69"]
[EventDate "2020.??.??"]

1. d4 d6 2. Nf3 Nf6 3. g3 g6 4. c4 Bg7 5. Bg2 O-O 6. O-O c6 7. Nc3 Nbd7 8. Re1
e5 9. dxe5 Nxe5 10. Nxe5 dxe5 11. Qc2 Be6 12. b3 Qa5 13. Bd2 Qc7 14. Rad1 Rfd8
15. Na4 Qe7 16. Be3 Bf5 17. Qc1 Rxd1 18. Rxd1 Nd7 19. h3 h5 20. Bg5 Qe6 21. Kh2
e4 22. Be3 Be5 23. Bf4 Qf6 24. h4 b5 25. cxb5 cxb5 26. Bxe5 Nxe5 27. Nc5 Rc8
28. Nxe4 Qb6 29. Qf4 Ng4+ 30. Kg1 Rc2 31. Bf3 Rxa2 32. Bxg4 hxg4 33. Nc3 Rc2
34. Qe5 Qe6 35. Rd8+ 1-0

[Event "Bergens SK Vårturnering 2020"]
[Site "Bergens Schakklub"]
[Date "2020.03.03"]
[Round "7"]
[White "Demac, Elias"]
[Black "Grønnestad, Anita"]
[Result "1-0"]
[WhiteElo "2202"]
[BlackElo "1950"]
[PlyCount "49"]
[EventDate "2020.??.??"]

1. d4 d5 2. c4 c6 3. Nf3 Nf6 4. e3 e6 5. Nbd2 Bd6 6. b3 O-O 7. Bd3 Nbd7 8. Bb2
b6 9. O-O Bb7 10. cxd5 cxd5 11. Ne5 Rc8 12. f4 Ne4 13. f5 Bxe5 14. dxe5 Qg5 15.
Bxe4 dxe4 16. Nc4 Bd5 17. Nd6 Qxe3+ 18. Kh1 Rcd8 19. Qg4 h5 20. Qxh5 f6 21.
fxe6 Bxe6 22. exf6 Nxf6 23. Bxf6 Rxd6 24. Bxg7 Rxf1+ 25. Rxf1 1-0

[Event "Bergens SK Vårturnering 2020"]
[Site "Bergens Schakklub"]
[Date "2020.03.03"]
[Round "7"]
[White "Sørensen, Simen"]
[Black "Aagedal, Geir Ole"]
[Result "1-0"]
[WhiteElo "2034"]
[BlackElo "1705"]
[PlyCount "107"]
[EventDate "2020.??.??"]

1. d4 Nf6 2. c4 e6 3. Nf3 d5 4. Nc3 Be7 5. Bf4 c6 6. e3 O-O 7. Qc2 Na6 8. a3
Qa5 9. Rc1 Ne4 10. Bd3 h6 11. Bxe4 dxe4 12. Qxe4 g5 13. Bg3 f5 14. Qb1 Bd7 15.
Be5 Be8 16. O-O Bh5 17. Nd2 Bf6 18. Bxf6 Rxf6 19. c5 Qd8 20. Nc4 Nc7 21. Ne5
Qe7 22. b4 a6 23. a4 Nd5 24. Rfe1 Raf8 25. Nxd5 exd5 26. f4 Qg7 27. b5 axb5 28.
axb5 Be8 29. Qb3 Kh7 30. bxc6 Bxc6 31. g3 Rg8 32. Kf2 Qe7 33. Ra1 Re6 34. Ra7
Rxe5 35. fxe5 f4 36. Qd3+ Kh8 37. Ra2 Qd7 38. Kg1 fxg3 39. hxg3 Qg4 40. Rg2 Rf8
41. Rf1 Rg8 42. Qf5 Bd7 43. Qxg4 Bxg4 44. Rgf2 Bh3 45. Rb1 Rg7 46. Rf6 Kh7 47.
Rbb6 Kg8 48. Rg6 Bc8 49. Rxg7+ Kxg7 50. Rd6 h5 51. Rxd5 Kg6 52. e4 h4 53. gxh4
gxh4 54. Rd8 1-0

[Event "Bergens SK Vårturnering 2020"]
[Site "Bergens Schakklub"]
[Date "2020.10.03"]
[Round "8"]
[White "Larsen, Stig Børje"]
[Black "Sørensen, Simen"]
[Result "0-1"]
[WhiteElo "1758"]
[BlackElo "2034"]
[PlyCount "104"]
[EventDate "2020.??.??"]

1. e4 c5 2. Nc3 e6 3. f4 Nc6 4. Nf3 a6 5. d3 d5 6. g3 Nf6 7. e5 Nd7 8. Bg2 Be7
9. O-O b5 10. b3 O-O 11. Bb2 Bb7 12. Qe1 Nb6 13. Kh1 d4 14. Nd1 c4 15. Nxd4
Nxd4 16. Bxb7 Nxc2 17. Qe4 Nxa1 18. Bxa8 Qxa8 19. Bxa1 cxd3 20. Qxa8 Rxa8 21.
Kg2 Rd8 22. Kf3 f5 23. Bc3 Nd5 24. Bd2 Rc8 25. Ne3 Nb4 26. a4 bxa4 27. bxa4 Nc2
28. Rc1 a5 29. Rb1 Bb4 30. Nf1 Rc4 31. Rd1 Bxd2 32. Nxd2 Rxa4 33. Nb3 Nd4+ 34.
Nxd4 Rxd4 35. Ke3 Re4+ 36. Kxd3 g5 37. Rf1 gxf4 38. gxf4 Kf7 39. Rf3 h5 40. Kc3
Ke7 41. Kb3 h4 42. Rf2 Kf7 43. Rf3 Kg6 44. h3 Kf7 45. Ka3 Rb4 46. Rf1 Ke7 47.
Rf2 Kd7 48. Rd2+ Kc7 49. Rd6 Rxf4 50. Rxe6 Rf3+ 51. Ka4 Rxh3 52. Kxa5 Rh1 0-1

[Event "Bergens SK Vårturnering 2020"]
[Site "Bergens Schakklub"]
[Date "2020.03.10"]
[Round "8"]
[White "Christoffersen, Odd"]
[Black "Skålevik, Åsmund"]
[Result "1-0"]
[WhiteElo "1597"]
[BlackElo "1505"]
[PlyCount "125"]
[EventDate "2020.??.??"]

1. e4 e5 2. Nc3 Nf6 3. g3 Bc5 4. Bg2 O-O 5. Nge2 c6 6. Na4 Bb4 7. a3 Ba5 8. b4
Bc7 9. O-O d5 10. d3 a5 11. Bg5 Qd6 12. c3 Nbd7 13. Qc2 h6 14. Bd2 b5 15. Nb2
c5 16. exd5 cxb4 17. axb4 Bb7 18. c4 Qa6 19. Nc3 bxc4 20. b5 Qa7 21. dxc4 Rfc8
22. Be3 Bb6 23. Qe2 Bd4 24. Nca4 Nc5 25. Bxd4 exd4 26. Qd1 Re8 27. Nxc5 Qxc5
28. Na4 Qxc4 29. Nb6 Qxb5 30. Nxa8 Bxa8 31. Qxd4 Bxd5 32. Bxd5 Qxd5 33. Qxd5
Nxd5 34. Rxa5 Nb6 35. Rb1 Nc4 36. Ra7 Nd6 37. Rd1 Ne4 38. Rdd7 Rf8 39. Kg2 Nc5
40. Re7 Ne6 41. h4 Nd8 42. Ra8 Nc6 43. Rxf8+ Kxf8 44. Rb7 g6 45. h5 Ne7 46.
hxg6 Nxg6 47. f4 Kg7 48. Kf3 Nf8 49. g4 Ne6 50. Ra7 Nf8 51. Ke4 Nh7 52. Ke5 Nf8
53. Kd6 Ne6 54. Ra4 Kf6 55. Re4 Ng7 56. Re5 Kg6 57. Ke7 f5 58. gxf5+ Nxf5+ 59.
Ke6 Ng7+ 60. Kd5 Nf5 61. Re6+ Kh5 62. Ke5 Kg4 63. Rg6+ 1-0

[Event "Bergens SK Vårturnering 2020"]
[Site "Bergens Schakklub"]
[Date "2020.03.10"]
[Round "8"]
[White "Selbekk, Vebjørn"]
[Black "Rasmussen, Jonas H"]
[Result "1/2-1/2"]
[WhiteElo "1922"]
[BlackElo "1946"]
[PlyCount "43"]
[EventDate "2020.??.??"]

1. d4 Nf6 2. c4 c6 3. Nc3 d5 4. cxd5 cxd5 5. Bg5 Nc6 6. Bxf6 exf6 7. e3 a6 8.
Bd3 Be6 9. Nf3 Bd6 10. Rc1 O-O 11. O-O g6 12. Na4 Rc8 13. Nc5 Qe7 14. Qa4 Bxc5
15. Rxc5 Ne5 16. Nxe5 fxe5 17. Rxc8 Bxc8 18. dxe5 Qxe5 19. Qd4 Qxd4 20. exd4
Bd7 21. Rc1 Rc8 22. Rxc8+ 1/2-1/2

[Event "Bergens SK Vårturnering 2020"]
[Site "Bergens Schakklub"]
[Date "2020.03.10"]
[Round "8"]
[White "Grønnestad, Anita"]
[Black "Eriksen, Olai Dyrhaug"]
[Result "1-0"]
[WhiteElo "1950"]
[BlackElo "1631"]
[PlyCount "75"]
[EventDate "2020.??.??"]

1. d4 Nf6 2. Bg5 d5 3. Bxf6 exf6 4. e3 Bd6 5. c4 dxc4 6. Bxc4 O-O 7. Ne2 c5 8.
Nbc3 Nc6 9. dxc5 Bxc5 10. Nf4 Ne5 11. Be2 Bd7 12. O-O Bc6 13. Rc1 b6 14. a3 a5
15. Qc2 Qc7 16. Nfd5 Qb7 17. Rfd1 Rfd8 18. e4 Rac8 19. b4 axb4 20. axb4 Bxd5
21. bxc5 Be6 22. Rxd8+ Rxd8 23. Rb1 Nc4 24. Bxc4 Bxc4 25. cxb6 h6 26. Na4 Bd3
27. Qc7 Bxb1 28. Qxd8+ Kh7 29. Nc5 Qc6 30. Qc7 Qb5 31. h3 Qa5 32. Qd6 Qe1+ 33.
Kh2 Bxe4 34. Nxe4 Qxe4 35. Qc7 f5 36. b7 f4 37. b8=Q f3 38. Qxf7 1-0